Edição Censurada (Record no. 45870)
[ view plain ]
| 000 -Etiqueta do registo | |
|---|---|
| Valores | 00350nam a2200157 4500 |
| 100 ## - Dados gerais de processamento | |
| Dados gerais | 20260318 pory50 |
| 101 ## - Língua de publicação | |
| Língua | por |
| 102 ## - País de publicação | |
| País | PT |
| 200 ## - Titulo e menção de responsabilidade | |
| Título próprio | Edição Censurada |
| Título paralelo | Visão |
| Primeira menção de responsabilidade | Visão |
| 210 ## - Publicação | |
| Local de publicação | Lisboa |
| Nome do editor | Medipress |
| Data de publicação | 2009 |
| 215 ## - Descrição física | |
| Paginação / Volumes | 114 p. |
| 675 ## - CDU | |
| Notação | 94(469)(05) |
| 801 ## - Fonte de origem | |
| País | PT |
| Regras de catalogação | RPC |
| 990 ## - Elementos KOHA | |
| Tipo de documento | Jornais e Revistas |
| Aquisição | Empréstimo | Código de barras | Cota | Permissão de empréstimo | Tipo de documento | Nota relativa ao exemplar |
|---|---|---|---|---|---|---|
| Biblioteca Municipal de Redondo | Biblioteca Municipal de Redondo | 057086 | 94(469) VIS | Consulta presencial | Jornais e Revistas | Visão n.º 842-23 a 29 de Abril 2009. N.º esp. sobre a Censura |